| 000 -LEADER |
| fixed length control field |
00687nam a2200229Ia 4500 |
| 001 - CONTROL NUMBER |
| control field |
17859 |
| 003 - CONTROL NUMBER IDENTIFIER |
| control field |
GE_BSU |
| 008 - FIXED-LENGTH DATA ELEMENTS--GENERAL INFORMATION |
| fixed length control field |
181216s||||||||xx |||||||||||||| ||und|| |
| 040 ## - CATALOGING SOURCE |
| Transcribing agency |
GE_BSU |
| 080 ## - UNIVERSAL DECIMAL CLASSIFICATION NUMBER |
| Universal Decimal Classification number |
54.14:66(076) |
| 100 ## - MAIN ENTRY--PERSONAL NAME |
| Personal name |
Фрайшат,Д.М. |
| 245 ## - TITLE STATEMENT |
| Title |
Реактивы и препараты. Хранение и перевозка. |
| 245 ## - TITLE STATEMENT |
| Remainder of title |
Практическое пособие. |
| 245 ## - TITLE STATEMENT |
| Statement of responsibility, etc. |
Ред. Л.М.Ларичева. |
| 260 ## - PUBLICATION, DISTRIBUTION, ETC. |
| Place of publication, distribution, etc. |
М. |
| 260 ## - PUBLICATION, DISTRIBUTION, ETC. |
| Name of publisher, distributor, etc. |
Химия. |
| 260 ## - PUBLICATION, DISTRIBUTION, ETC. |
| Date of publication, distribution, etc. |
1977. |
| 300 ## - PHYSICAL DESCRIPTION |
| Extent |
424 стр. 23 см. Список литературы 94. |
| 300 ## - PHYSICAL DESCRIPTION |
| Accompanying material |
25 табл. |
| 653 ## - INDEX TERM--UNCONTROLLED |
| Uncontrolled term |
Реактивы и препараты. |
| 942 ## - ADDED ENTRY ELEMENTS (KOHA) |
| Koha item type |
წიგნი |